000 00470nmm a2200157Ia 4500
008 251105s9999||||xx |||||||||||||||||und||
020 _a9788499482484
041 _aspa
100 _aCesteros García, Concha
245 0 _aCuentos de la señora Concha
264 _a[Madrid, España] :
_bEditorial Club Universitario: ECU,
_c2011
300 _a171 páginas
650 _aAges 6-8 Years Old
856 _uhttps://public.digitaliapublishing.com/a/173454
942 _cCF
999 _c92925
_d92925